RSS's tryst with politics : (Record no. 124681)

MARC details
000 -LEADER
fixed length control field 00801nam a22002297a 4500
005 - DATE AND TIME OF LATEST TRANSACTION
control field 20170124105942.0
010 ## - LIBRARY OF CONGRESS CONTROL NUMBER
LC control number B-065091
020 ## - INTERNATIONAL STANDARD BOOK NUMBER
Terms of availability 00.00
International Standard Book Number 8173043981
035 ## - SYSTEM CONTROL NUMBER
System control number B-065091
037 ## - SOURCE OF ACQUISITION
Source of stock number/acquisition Cen Lib/Ret
040 ## - CATALOGING SOURCE
Original cataloging agency DPL
Language of cataloging EN
082 ## - DEWEY DECIMAL CLASSIFICATION NUMBER
Classification number 320.55
Item number KAN
100 ## - MAIN ENTRY--PERSONAL NAME
Personal name Kanungo, Pralay
9 (RLIN) 11582
245 ## - TITLE STATEMENT
Title RSS's tryst with politics :
Statement of responsibility, etc by Pralay Kanungo
Remainder of title from hedgewar to Sudarshan /
260 ## - PUBLICATION, DISTRIBUTION, ETC. (IMPRINT)
Place of publication, distribution, etc New Delhi
Name of publisher, distributor, etc Manohar Publications
Date of publication, distribution, etc 2002
270 ## - ADDRESS
Address 4753/23, Ansari Road, Dariya Ganj
City New Delhi
Postal code 110002
300 ## - PHYSICAL DESCRIPTION
Extent 314p.
Dimensions 21cm(Hb)
500 ## - GENERAL NOTE
General note Includes bibliographical references and index
650 ## - SUBJECT ADDED ENTRY--TOPICAL TERM
Topical term or geographic name as entry element Rashtriya Swayam Sevak Sangh -- History.
9 (RLIN) 73982
650 ## - SUBJECT ADDED ENTRY--TOPICAL TERM
Topical term or geographic name as entry element India -- Politics and government -- 20th century.
9 (RLIN) 8568
942 ## - ADDED ENTRY ELEMENTS (KOHA)
Source of classification or shelving scheme Dewey Decimal Classification
Koha item type English Books
Classification part 320.55
Call number suffix KAN
Holdings
Withdrawn status Lost status Damaged status Not for loan Home library Current library Date acquired Source of acquisition Cost, normal purchase price Total Checkouts Full call number Barcode Date last seen Copy number Cost, replacement price Price effective from Koha item type
        Central Library Central Library 18/06/2015 Cen Lib/Ret 0.00   320.55 KAN B-065091 18/06/2015 1 0.00 18/06/2015 English Books

© Delhi Public Library
Hit Counter
free hit counter